Czechia in Eurovision (2007-2025) - Statistics

General Stats
  • This quiz has been taken 8 times
  • The average score is 12 of 14
Answer Stats
Year Song title Result % Correct
2019 Friend of a Friend 11
100%
2016 I Stand 25
100%
2025 Kiss Kiss Goodbye 12 (SF)
100%
2022 Lights Off 22
100%
2023 My Sister's Crown 10
100%
2021 Omaga 15 (SF)
100%
2024 Pedestal 11 (SF)
100%
2018 Lie to Me 6
83%
2007 Malá dáma 28 (SF)
83%
2009 Aven Romale 18 (SF)
67%
2015 Hope Never Dies 13 (SF)
67%
2020 Kemama N/A
67%
2017 My Turn 13 (SF)
50%
2008 Have Some Fun 18 (SF)
33%
No matching quizzes found
Score Distribution
Percent of People with Each Score
Percentile by Number Answered
Your Score History
You have not taken this quiz